00289nam a2200121Ia 4500008004100000100002200041245002200063260003700085300000900122650001400131942000700145999001500152190216s9999||||xx |||||||||||||| ||und|| aJohn M Culberston 0aMoney And Banking bTata Mcgrawhill Publishersc1978 a587p aEconomics cBK c9466d9466